000 00811nam a2200277 i 4500
001 C2-0249984
003 PPAK
005 20180727213809.0
008 030611s2002 caua|||| ||||| | eng d
020 _a1560068892
040 _aPPAK
_beng
_cPPAK
_erda
082 0 4 _a909
_223
090 0 0 _a909
_bLON
_dR
100 1 _aLong, Cathryn J.,
_eauthor
245 1 0 _aAncient America
264 1 _aSan Diego, California :
_bLucent Books ,
_c2002
300 _a112 pages :
_billustrations ;
_c24 cm
336 _2rdacontent
_atext
337 _2rdamedia
_aunmediated
338 _2rdacarrier
_avolume
490 1 _aWorld history series
500 _aIncludes bibliographical references and index
650 1 0 _aIndians - Antiquities ; America - Antiquities
830 0 _aWorld history series
942 _ddc
_cB
999 _c63375
_d63375